Course In Thermal Engineering (Record no. 3279)

MARC details
000 -LEADER
fixed length control field 00449nam a2200169Ia 4500
008 - FIXED-LENGTH DATA ELEMENTS--GENERAL INFORMATION
fixed length control field 221030s9999 xx 000 0 und d
020 ## - INTERNATIONAL STANDARD BOOK NUMBER
ISBN 8177000217
041 ## - LANGUAGE CODE
Language code of text/sound track or separate title
082 ## - DEWEY DECIMAL CLASSIFICATION NUMBER
Classification number 105.23
Item number Dom
100 ## - MAIN ENTRY--AUTHOR NAME
Personal name S. Domkundwar
245 #0 - TITLE STATEMENT
Title Course In Thermal Engineering
Statement of responsibility, etc by S. Domkundwar, C. P. Kothandaraman
260 ## - PUBLICATION, DISTRIBUTION, ETC. (IMPRINT)
Name of publisher Dhanpat Rai Pub
Place of publication India
Year of publication 2002
300 ## - PHYSICAL DESCRIPTION
Number of Pages 32.12
650 ## - SUBJECT ADDED ENTRY--TOPICAL TERM
Topical Term Mechanical
700 ## - ADDED ENTRY--PERSONAL NAME
Personal name C. P. Kothandaraman
942 ## - ADDED ENTRY ELEMENTS (KOHA)
Koha item type Books
Holdings
Accession Number Cost, normal purchase price Full call number Price effective from Koha item type Withdrawn / writtenoff status Materials specified (bound volume or other part) Damaged status Not for loan Permanent Location Current Location Shelving location Date acquired Lost/ Missing status department
BE 5412 220.00 105.23 Dom 10/30/2022 Books   Print     MIET Library, Jammu MIET Library, Jammu BL-Academic Block- C, FL-2, CUP-4, SH-5, R-5 10/29/2005   BE